| 000 | 00592nam a2200169Ia 4500 | ||
|---|---|---|---|
| 008 | 090711s9999 xx 000 0 und d | ||
| 082 | _b70779 | ||
| 100 | _aओशो रजनीश | ||
| 245 | _aगीता दर्शन अध्याय 7 | ||
| 260 |
_bजीवन जागृती केंद्र प्रकाशन _c1992 |
||
| 300 | _a256 | ||
| 600 | _aओशो रजनीश | ||
| 630 | _aगीता दर्शन अध्याय 7 | ||
| 700 | _aओशो रजनीश | ||
| 730 | _aगीता दर्शन अध्याय 7 | ||
| 942 | _cBOOK | ||
| 999 |
_c338977 _d338974 |
||